000 00374nam a2200121 i 4500
001 bg
245 0 _aPrzemysłowa produkcja prefabrykatów. Procesy podstawowe w produkcji prefabrykatów betonowych :
_bpraca zbiorowa /
_cpod red. K. Cieszyńskiego.
260 _aWarszawa,
_c1987.
040 _cBPK
041 _apol
942 _cKS
008 s pl f |000 0 pol
999 _c5098
_d5098
856 _uhttp://koha.tu.koszalin.pl/cgi-bin/koha/opac-detail.pl?biblionumber=5098
_yKatalog online BPK